000 01195cab a2200289 4500
001 ABS52519
008 090401t1995 xxu||||| |||| 00| 0 eng d
035 _a(Sirsi) u83101
041 _aeng
100 _aWright, J.
245 _aPI: a lawyer`s perspective
260 _c1995
350 _a0
490 _aValuer (ISVA)
_v64(3) April 1995, 22-23(2)
520 _aThere are positive aspects to the increase in negligence suits against valuers in the early 1990s and the corresponding increase in professional indemnity insurance premiums: lessons from caselaw can be taken as guidance to liability and to future practice. Reviews prominant cases and notes that premiums are being relaxed and new insurers are entering the market.
650 _aBANQUE BRUXELLS LAMBERT SA V EAGLE STAR INSURANCE LTD
650 _aLITIGATION
650 _aMARGIN OF ERROR
650 _aMOUNT BANKING CORP V BRIAN COOPER & CO
650 _aNEGLIGENCE CLAIMS
650 _aNYCKELN FINANCE V STUMPBROOK CONTINUATION LTD
650 _aP K FINANS INTERNATIONAL (UK) LTD V ANDREW DOWNS & CO
650 _aPROFESSIONAL INDEMNITY
690 _aInsurance
_96249
942 _n0
948 _c04/03/1997
999 _c52494
_d52494